| 000 | 00625 a2200181 4500 | ||
|---|---|---|---|
| 003 | Nust | ||
| 005 | 20170207153204.0 | ||
| 040 | _cNust | ||
| 082 | _a005.1 | ||
| 100 | _aIqbal, Muhammad Javed ( MSCS-7) | ||
| 245 |
_aDesigning and development of a software for web based shopping _cMuhammad Javed Iqbal |
||
| 260 |
_bMCS, NUST _cApril 2002 _aRawalpindi |
||
| 300 | _ax, 62, p.; | ||
| 505 | _aIntroduction (page-1) E-Commerce (page-4) Active server pages (page-14) Requirement analysis (page-21) Designing database (page-27) Conclusion (page-47) | ||
| 538 | _aAlmirah No 73 Shelf No 1 | ||
| 650 | _aMSCS Thesis | ||
| 651 | _aMSCS-7 | ||
| 942 | _cTHS | ||
| 999 |
_c181117 _d181117 |
||